The making of an engineer : (Record no. 544834)

000 -LEADER
fixed length control field 01083pam a2200229 a 4500
020 ## - INTERNATIONAL STANDARD BOOK NUMBER
International Standard Book Number 0471597996 (acidfree paper)
082 00 - DEWEY DECIMAL CLASSIFICATION NUMBER
Classification number 620.007117
Author Mark GRA
-- L-21, P-
100 1# - MAIN ENTRY--PERSONAL NAME
Personal name Grayson, Lawrence P.
9 (RLIN) 40573
245 14 - TITLE STATEMENT
Title The making of an engineer :
Remainder of title an illustrated history of engineering education in the United States and Canada /
Statement of responsibility, etc. Lawrence P. Grayson.
260 ## - PUBLICATION, DISTRIBUTION, ETC.
Place of publication, distribution, etc. New York :
Name of publisher, distributor, etc. Wiley,
Date of publication, distribution, etc. c1993.
300 ## - PHYSICAL DESCRIPTION
Extent xiii, 290 p. :
Other physical details ill. ;
Dimensions 23 x 29 cm.
526 ## - STUDY PROGRAM INFORMATION NOTE
Program name 0
Interest level 0
Reading level 0
Title point value 620_007117000000000_GRA
650 #0 - SUBJECT ADDED ENTRY--TOPICAL TERM
Topical term or geographic name entry element Engineering
General subdivision Study and teaching
Geographic subdivision Canada
General subdivision History
-- Pictorial works.
9 (RLIN) 40574
650 #0 - SUBJECT ADDED ENTRY--TOPICAL TERM
Topical term or geographic name entry element Engineering
General subdivision Study and teaching
Geographic subdivision Canada
General subdivision History.
9 (RLIN) 40575
650 #0 - SUBJECT ADDED ENTRY--TOPICAL TERM
Topical term or geographic name entry element Engineering
General subdivision Study and teaching
Geographic subdivision United States
General subdivision History
-- Pictorial works.
9 (RLIN) 40576
650 #0 - SUBJECT ADDED ENTRY--TOPICAL TERM
Topical term or geographic name entry element Engineering
General subdivision Study and teaching
Geographic subdivision United States
General subdivision History.
9 (RLIN) 40577
650 #0 - SUBJECT ADDED ENTRY--TOPICAL TERM
Topical term or geographic name entry element MCE
9 (RLIN) 379
856 4# - ELECTRONIC LOCATION AND ACCESS
Uniform Resource Identifier <a href="http://www.loc.gov/catdir/toc/onix01/93010927.html">http://www.loc.gov/catdir/toc/onix01/93010927.html</a>
856 42 - ELECTRONIC LOCATION AND ACCESS
Uniform Resource Identifier <a href="http://www.loc.gov/catdir/bios/wiley041/93010927.html">http://www.loc.gov/catdir/bios/wiley041/93010927.html</a>
856 42 - ELECTRONIC LOCATION AND ACCESS
Uniform Resource Identifier <a href="http://www.loc.gov/catdir/description/wiley031/93010927.html">http://www.loc.gov/catdir/description/wiley031/93010927.html</a>
942 ## - ADDED ENTRY ELEMENTS (KOHA)
Source of classification or shelving scheme
Koha item type Book
Holdings
Withdrawn status Lost status Source of classification or shelving scheme Damaged status Not for loan Permanent Location Current Location Date acquired Total Checkouts Full call number Barcode Date last seen Price effective from Koha item type
          Military College of Engineering (MCE) Military College of Engineering (MCE) 05/12/2014   620.007117 GRA MCE-28749 05/12/2014 05/12/2014 Book
© 2023 Central Library, National University of Sciences and Technology. All Rights Reserved.